Ekonomičeskije zakony socializma sistema, osobennosti dejstvija, formy i metody ispol'zovanija

Na minha lista:
Detalhes bibliográficos
Formato: Livro
Idioma:russo
Publicado em: Moskva Mysl' 1981
Tags: Adicionar Tag
Sem tags, seja o primeiro a adicionar uma tag!

MARC

LEADER 00000nam a2200000 4500
001 c119082
005 20041019155213.2
041 0 |a rus 
044 |a RU 
245 1 0 |a Ekonomičeskije zakony socializma  |b sistema, osobennosti dejstvija, formy i metody ispol'zovanija 
264 1 |a Moskva  |b Mysl'  |c 1981 
300 |a 317 s.